Neokeynesiánství Ekonomické teorie

Zjednodušený model výkladu Keynesa v USA. Model SI-LL anglického ekonóma J. R. Hicksa. Neoklasická syntéza. Proces nastolovania makroekonomickej rovnováhy - model IS-LM. Vzťah medzi mierou nezamestnanosti a mierou inflácie. Philipsova krivka.

Salvato in:
Dettagli Bibliografici
Autore principale: Koderová, Jitka
Natura: Capitolo di libro
Lingua:ceco
Soggetti:
Tags: Aggiungi Tag
Nessun Tag, puoi essere il primo ad aggiungerne!!

MARC

LEADER 00000naa a2200000 4500
001 r032147
005 20230920094655.6
041 0 |a cze 
044 |a CZ 
245 1 0 |a Neokeynesiánství  |b Ekonomické teorie  |c Jitka Koderová 
520 |a Zjednodušený model výkladu Keynesa v USA. Model SI-LL anglického ekonóma J. R. Hicksa. Neoklasická syntéza. Proces nastolovania makroekonomickej rovnováhy - model IS-LM. Vzťah medzi mierou nezamestnanosti a mierou inflácie. Philipsova krivka. 
610 2 0 |a teórie ekonomické 
610 2 0 |a keynesizmus 
610 2 0 |a neokeynesizmus 
610 2 0 |a hospodárstvo trhové 
610 2 0 |a rovnováha rastu hospodárskeho 
610 2 0 |a politika hospodárska 
610 2 0 |a dopyt 
610 2 0 |a peniaze 
610 2 0 |a inflácia 
610 2 0 |a Hicks, J.R. 
610 2 0 |a Model IS-LM 
610 2 0 |a Phillipsova krivka 
100 1 |a Koderová, Jitka